- Beltrán, Enrique,
Entry Nombre Personal
001 - NUMERO DE CONTROL
- campo de control: 34682
003 - IDENTIFICADOR DE NUMERO DE CONTROL
- campo de control: DLC
005 - FECHA Y HORA DE LA ÜLTIMA TRANSACCIÓN
- campo de control: 20220525133621.0
008 - DATOS DE LONGITUD FIJA
- campo de control de longitud fija: 830618n| acannaabn |n aaa
010 ## - NÚMERO DE CONTROL DE LA BIBLIOTECA DEL CONGRESO
- Número de control LC: n 82215953
035 ## - NUMERO DE CONTROL
- Número de control: (OCoLC)oca00873926
040 ## - FUENTE DE CATALOGACIÓN
- Agencia original de catalogación: DLC
- Lenguaje de catalogación: spa
- Agencia de transcripción: DLC
- Agencia que lo modifica: TxU
- Agencia que lo modifica: IEN
- Agencia que lo modifica: MX-MxUPN
046 ## - FECHAS CON CODIFICACIÓN ESPECIAL
- Fecha de nacimiento: 19030426
- Fecha de muerte: 19941023
100 1# - ENCABEZAMIENTO - NOMBRE PERSONAL
- Nombre personal: Beltrán, Enrique,
- Fechas asociadas con el nombre: 1903-1994
370 ## - LUGAR ASOCIADO
- Place of birth: Ciudad de México
- Place of death: Ciudad de México
372 ## - CAMPO DE ACTIVIDAD
- Field of activity: Biología
- Field of activity: Recursos naturales
374 ## - OCUPACIÓN
- Occupation: Biólogo
- Occupation: Botánico
375 ## - GÉNERO
- Gender: masculino
377 ## - LENGUA ASOCIADA
- Language code: spa
400 ## - VEÁSE - NOMBRE DE PERSONA
- Personal name: Beltrán Castillo, Enrique,
- Dates associated with a name: 1903-1994
670 ## - FUENTE EN LA QUE SE LOCALIZARON DATOS
- Cita de la fuente: Instituto Mexicano de Recursos Naturales, 1952-1990:
- Información localizada: p. 13 (Dr. Enrique Beltrán) p. 31, etc. (Director del Instituto Mexicano de Recursos Naturales Renovables since 1952; Director ode la Secretaria de Agricultura y Ganadería, 1923-1964)
670 ## - FUENTE EN LA QUE SE LOCALIZARON DATOS
- Cita de la fuente: Enc. de México, 1996
- Información localizada: (Beltrán, Enrique, b. 1903, d. 1994)
670 ## - FUENTE EN LA QUE SE LOCALIZARON DATOS
- Cita de la fuente: Biología : tercer curso para escuelas secundarias, 1958:
- Información localizada: portada (Enrique Beltrán)
670 ## - FUENTE EN LA QUE SE LOCALIZARON DATOS
- Cita de la fuente: Wikipedia, consultado 25 mayo 2022:
- Información localizada: (Enrique Beltrán Castillo; Ciudad de México, 26 de abril de 1903-23 de octubre de 1994; fue un biólogo y botánico mexicano que publicó numerosos artículos sobre recursos naturales y su conservación; protozoarios, historia de la ciencia, sus aspectos sociales y educativos)
- Uniform Resource Identifier: https://es.wikipedia.org/wiki/Enrique_Beltr%C3%A1n_(bi%C3%B3logo)
902 ## - CATALOGADOR
- Catalogador: VRC/250522
